[Event "Mondiale Lampo FIDE 2019"]
[Site "Mosca"]
[Date "30.12.2019"]
[Round "15.43"]
[White "Ivanisevic, Ivan"]
[Black "Rychagov, Andrey"]
[Result "1-0"]
[WhiteTitle "GM"]
[BlackTitle "GM"]
[WhiteElo "2593"]
[BlackElo "2545"]
[WhiteFideId "912417"]
[BlackFideId "4119932"]
[EventDate "2019.12.29"]

1. c4 e6 2. Nc3 d5 3. d4 Be7 4. cxd5 exd5 5. Bf4 c6 6. e3 Bd6 7. Qf3 Ne7 8. Bd3
Bf5 9. Bxd6 Bxd3 10. Ba3 Nd7 11. Nh3 Nf6 12. Nf4 Be4 13. Qe2 Qd7 14. f3 Bg6 15.
h4 h5 16. O-O-O O-O-O 17. e4 dxe4 18. fxe4 Rhe8 19. Rhe1 Ned5 20. Ncxd5 cxd5 21.
Nxg6 fxg6 22. e5 Ne4 23. Kb1 Kb8 24. Rc1 Rc8 25. Ka1 Qf5 26. b3 Qf4 27. Qf3 Qxh4
28. Qf7 Qf2 29. Qxf2 Nxf2 30. Bd6+ Ka8 31. Rxc8+ Rxc8 32. e6 Ne4 33. Rxe4 dxe4
34. Bf4 b5 35. d5 Re8 36. d6 e3 37. d7 Rf8 38. e7 1-0

[Event "Mondiale Lampo FIDE 2019"]
[Site "Mosca"]
[Date "30.12.2019"]
[Round "15.44"]
[White "Sasikiran, Krishnan"]
[Black "Can, Emre"]
[Result "1-0"]
[WhiteTitle "GM"]
[BlackTitle "GM"]
[WhiteElo "2656"]
[BlackElo "2600"]
[WhiteFideId "5004985"]
[BlackFideId "6302181"]
[EventDate "2019.12.29"]

1. e4 c5 2. Nf3 d6 3. a4 g6 4. Bb5+ Bd7 5. O-O Bg7 6. Re1 a6 7. Bxd7+ Nxd7 8. c3
Ngf6 9. d4 O-O 10. h3 cxd4 11. cxd4 d5 12. e5 Ne4 13. Nbd2 Nxd2 14. Bxd2 Re8 15.
h4 Nf8 16. h5 Qd7 17. h6 Bh8 18. Qb3 Rac8 19. Rac1 f6 20. a5 Ne6 21. Qb6 Kf7 22.
Rc3 Rxc3 23. bxc3 Rc8 24. Rb1 Rc7 25. g3 g5 26. exf6 Bxf6 27. Re1 Rc6 28. Qb1
Nf8 29. Bxg5 Rxc3 30. Ne5+ Bxe5 31. Rxe5 Ng6 32. Re1 e6 33. Bd2 Rf3 34. Kg2 Rf6
35. Re3 Kg8 36. Rb3 Rf7 37. Qc2 Qe8 38. Rc3 Qe7 39. Rc8+ Rf8 40. Rc7 Qf6 41. Be3
Qf3+ 42. Kg1 Rf7 43. Rc8+ Rf8 44. Rc7 Rf7 45. Rc8+ Rf8 46. Rxf8+ Qxf8 47. Qc7
Qe7 48. Qb8+ Kf7 49. Kg2 Kf6 50. g4 e5 51. dxe5+ Qxe5 52. Qd8+ Qe7 53. Qxd5 Qe5
54. Qxb7 Qxa5 55. Bd4+ Kg5 56. Be3+ Kh4 57. Qf3 1-0

[Event "Mondiale Lampo FIDE 2019"]
[Site "Mosca"]
[Date "30.12.2019"]
[Round "15.45"]
[White "Perunovic, Milos"]
[Black "Aravindh, Chithambaram VR."]
[Result "1-0"]
[WhiteTitle "GM"]
[BlackTitle "GM"]
[WhiteElo "2589"]
[BlackElo "2605"]
[WhiteFideId "921629"]
[BlackFideId "5072786"]
[EventDate "2019.12.29"]

1. e4 c5 2. Nc3 Nc6 3. Bb5 Nd4 4. Nf3 a6 5. Bc4 e6 6. Nxd4 cxd4 7. Ne2 Bc5 8.
O-O Nf6 9. d3 d5 10. exd5 Nxd5 11. Nf4 Nxf4 12. Bxf4 O-O 13. Qh5 Bd6 14. Bg5 Qc7
15. a4 b6 16. Rae1 Bb7 17. h3 Qc6 18. Qg4 h5 19. Qe4 Qxe4 20. dxe4 Rac8 21. Bb3
Rfe8 22. Bd2 Rc7 23. f4 e5 24. fxe5 Bxe5 25. Bf4 Bc8 26. Rd1 Rd7 27. Bd5 Bb7 28.
Bxb7 Rxb7 29. Bxe5 Rxe5 30. Rxd4 Rbe7 31. Rf4 g5 32. Rf5 Rxf5 33. exf5 Re2 34.
Rc4 Kg7 35. Rc6 b5 36. a5 b4 37. b3 g4 38. hxg4 hxg4 39. Kh2 Re3 40. Rxa6 Rc3
41. Rb6 Rxc2 42. Rxb4 Kf6 43. Rxg4 Kxf5 44. Ra4 Rc7 45. a6 Ra7 46. b4 Ke5 47. b5
Kd6 48. b6 Kd5 1-0

[Event "Mondiale Lampo FIDE 2019"]
[Site "Mosca"]
[Date "30.12.2019"]
[Round "15.46"]
[White "Sakaev, Konstantin"]
[Black "Frolyanov, Dmitry"]
[Result "1/2-1/2"]
[WhiteTitle "GM"]
[BlackTitle "GM"]
[WhiteElo "2596"]
[BlackElo "2556"]
[WhiteFideId "4104226"]
[BlackFideId "4151976"]
[EventDate "2019.12.29"]

1. d4 d5 2. Bf4 Nf6 3. e3 e6 4. Nd2 c5 5. c3 Nc6 6. Bd3 Bd6 7. Bxd6 Qxd6 8. f4
Bd7 9. Ngf3 cxd4 10. cxd4 Nb4 11. Qb3 Nxd3+ 12. Qxd3 Qb6 13. Qb3 Qa6 14. Ne5 O-O
15. Kf2 Rfc8 16. Rhc1 Bb5 17. a3 1/2-1/2

[Event "Mondiale Lampo FIDE 2019"]
[Site "Mosca"]
[Date "30.12.2019"]
[Round "15.47"]
[White "Kobalia, Mikhail"]
[Black "Bologan, Victor"]
[Result "1-0"]
[WhiteTitle "GM"]
[BlackTitle "GM"]
[WhiteElo "2609"]
[BlackElo "2574"]
[WhiteFideId "4119150"]
[BlackFideId "13900048"]
[EventDate "2019.12.29"]

1. e4 d6 2. d4 Nf6 3. Nc3 e5 4. Nf3 Nbd7 5. Bc4 Be7 6. O-O O-O 7. a4 c6 8. Re1
exd4 9. Nxd4 Nc5 10. Bf1 a5 11. h3 Re8 12. Qf3 Qb6 13. Nde2 Bf8 14. Ng3 Be6 15.
b3 d5 16. exd5 Nxd5 17. Nce4 Nxe4 18. Nxe4 Nb4 19. Bb2 Nd5 20. c4 Ne7 21. Nf6+
gxf6 22. Qxf6 Ng6 23. Rad1 Qxb3 24. Bd3 Rad8 25. Bxg6 Qxb2 26. Bxh7+ Kxh7 27.
Qxb2 Bb4 28. Rxd8 Rxd8 29. Qf6 Rd3 30. Rxe6 fxe6 31. Qf7+ Kh8 32. Qf6+ Kh7 33.
Qxe6 Ra3 34. Qd7+ Kg6 35. Qxb7 c5 36. Qc6+ Kf7 37. h4 1-0

[Event "Mondiale Lampo FIDE 2019"]
[Site "Mosca"]
[Date "30.12.2019"]
[Round "15.48"]
[White "Dominguez Perez, Leinier"]
[Black "Turov, Maxim"]
[Result "1/2-1/2"]
[WhiteTitle "GM"]
[BlackTitle "GM"]
[WhiteElo "2758"]
[BlackElo "2574"]
[WhiteFideId "3503240"]
[BlackFideId "4120086"]
[EventDate "2019.12.29"]

1. e4 c6 2. d4 d5 3. e5 Bf5 4. Nf3 e6 5. Be2 Ne7 6. c3 Nc8 7. O-O Be7 8. Be3 O-O
9. Nbd2 Nb6 10. Ne1 c5 11. g4 cxd4 12. cxd4 Bg6 13. f4 f5 14. exf6 Bxf6 15. Bd3
Qe8 16. Qe2 Nc6 17. Nef3 Rc8 18. Rac1 Bxd3 19. Qxd3 Qg6 20. Qxg6 hxg6 21. a3 Na5
22. b3 Nc6 23. Kg2 Be7 24. b4 a5 25. bxa5 Nxa5 26. Ne5 Nbc4 27. Ndxc4 Nxc4 28.
Nxc4 Rxc4 29. Rxc4 dxc4 30. a4 Ra8 31. Rb1 Rxa4 32. Rxb7 Kf8 33. Kf3 Ra2 34. Rc7
Rxh2 35. Rxc4 Kf7 36. Rc7 Kf8 37. Rb7 Ra2 38. Ke4 Re2 39. g5 Re1 40. Kf3 Rf1+
41. Ke2 Ra1 42. Rb3 Kf7 43. Kd3 Ra5 44. Ke4 Rd5 45. Bd2 Kf8 46. Rb7 Rf5 47. Ra7
Rd5 48. Ra8+ Kf7 49. Ra7 Kf8 50. Bc3 Rf5 51. Ra6 Kf7 52. Ra7 Kf8 53. Rd7 Rb5 54.
d5 exd5+ 55. Rxd5 Rxd5 56. Kxd5 Kf7 57. Be5 Ba3 58. Ke4 Bb4 1/2-1/2

[Event "Mondiale Lampo FIDE 2019"]
[Site "Mosca"]
[Date "30.12.2019"]
[Round "15.49"]
[White "Anton Guijarro, David"]
[Black "Kazhgaleyev, Murtas"]
[Result "1-0"]
[WhiteTitle "GM"]
[BlackTitle "GM"]
[WhiteElo "2685"]
[BlackElo "2569"]
[WhiteFideId "2285525"]
[BlackFideId "13700316"]
[EventDate "2019.12.29"]

1. Nf3 d6 2. d4 Nf6 3. b3 g6 4. Bb2 Bg7 5. e3 O-O 6. Be2 c5 7. O-O cxd4 8. exd4
d5 9. Ne5 Nc6 10. Nd2 Bf5 11. a3 Rc8 12. Rc1 Nxe5 13. dxe5 Nd7 14. f4 Nb8 15.
Nf3 Nc6 16. b4 Qb6+ 17. Kh1 Rfd8 18. Nd4 Be4 19. Qd2 e6 20. Nxc6 Rxc6 21. Bd4
Qc7 22. c3 a6 23. a4 Qe7 24. a5 h5 25. Bd3 Bxd3 26. Qxd3 Rc4 27. g3 Rdc8 28. h3
Bh6 29. Rce1 Qd7 30. Kg2 Bf8 31. Rf2 Qb5 32. Rd1 Be7 33. g4 Bh4 34. Rff1 hxg4
35. hxg4 Be7 36. f5 exf5 37. gxf5 Qe8 38. e6 R4c6 39. Rde1 f6 40. fxg6 Kg7 41.
Re3 Bd6 42. Bxf6+ Kg8 43. Rh3 1-0

[Event "Mondiale Lampo FIDE 2019"]
[Site "Mosca"]
[Date "30.12.2019"]
[Round "15.50"]
[White "Melkumyan, Hrant"]
[Black "Bartel, Mateusz"]
[Result "0-1"]
[WhiteTitle "GM"]
[BlackTitle "GM"]
[WhiteElo "2668"]
[BlackElo "2634"]
[WhiteFideId "13302485"]
[BlackFideId "1112635"]
[EventDate "2019.12.29"]

1. d4 e6 2. Nf3 Nf6 3. c4 Bb4+ 4. Nbd2 O-O 5. a3 Be7 6. e4 d6 7. Be2 c5 8. O-O
cxd4 9. Nxd4 Nc6 10. N4f3 a5 11. b3 b6 12. Bb2 Bb7 13. Re1 Qc7 14. Rc1 Rad8 15.
Bf1 Qb8 16. Qc2 Ng4 17. h3 Nge5 18. Rcd1 Bf6 19. Nxe5 Nxe5 20. Bd4 Qc7 21. Qc3
Nd7 22. Bxf6 Nxf6 23. Re3 Rd7 24. Rg3 Qd8 25. Bd3 g6 26. Rf3 Nh5 27. Re3 Qf6 28.
Qxf6 Nxf6 29. Bf1 Rfd8 30. f3 Kf8 31. Nb1 d5 32. cxd5 exd5 33. Bb5 Rc7 34. e5
Nh5 35. Bf1 Nf4 36. g3 Ne6 37. f4 d4 38. Red3 Be4 39. R3d2 Bxb1 40. Rxb1 Rc3 41.
Kh2 Nc5 42. Bg2 Nxb3 43. Rdb2 a4 44. Be4 d3 45. Kg2 d2 46. Rd1 Rc1 47. Bf3 Rd3
48. Be2 Re3 49. Kf2 Rcc3 50. g4 Rxh3 51. f5 Rh2+ 52. Kf1 Rc1 53. Rxb3 axb3 54.
Bf3 Rxd1+ 0-1

[Event "Mondiale Lampo FIDE 2019"]
[Site "Mosca"]
[Date "30.12.2019"]
[Round "15.51"]
[White "Drygalov, Sergey"]
[Black "Smirin, Ilia"]
[Result "1/2-1/2"]
[WhiteTitle "IM"]
[BlackTitle "GM"]
[WhiteElo "2473"]
[BlackElo "2607"]
[WhiteFideId "24171743"]
[BlackFideId "2801990"]
[EventDate "2019.12.29"]

1. e4 c5 2. Nf3 e6 3. d4 cxd4 4. Nxd4 a6 5. Bd3 Bc5 6. Nb3 Be7 7. Qg4 g6 8. Qe2
Qc7 9. O-O Nc6 10. N1d2 Nf6 11. a4 d5 12. c4 O-O 13. cxd5 exd5 14. exd5 Nxd5 15.
Ne4 Nf4 16. Bxf4 Qxf4 17. Rac1 Rd8 18. Bc4 Ne5 19. Nbc5 Rd4 20. Nd3 Qxe4 21.
Nxe5 Qxe2 22. Bxe2 Re4 23. Nc4 Rxe2 24. Nb6 Rb8 25. Nxc8 Bg5 26. Rc5 Rxb2 27.
Rd1 Kg7 28. g3 Bf6 29. Rd7 b5 30. Rcc7 bxa4 31. Rxf7+ Kh6 32. h4 Kh5 33. Rxf6 h6
34. Rc5+ g5 35. hxg5 hxg5 36. Rff5 a3 37. Rxg5+ Kh6 38. Ne7 R8b5 39. Rg6+ Kh7
40. Rxb5 axb5 41. Ra6 a2 42. Kg2 b4 43. Nd5 b3 44. Nb4 Rd2 45. g4 b2 46. Rxa2
b1=Q 47. Rxd2 Qxb4 48. Rd3 Qe4+ 49. Rf3 1/2-1/2

[Event "Mondiale Lampo FIDE 2019"]
[Site "Mosca"]
[Date "30.12.2019"]
[Round "15.52"]
[White "Chigaev, Maksim"]
[Black "Ganguly, Surya Shekhar"]
[Result "0-1"]
[WhiteTitle "GM"]
[BlackTitle "GM"]
[WhiteElo "2631"]
[BlackElo "2633"]
[WhiteFideId "4108116"]
[BlackFideId "5002150"]
[EventDate "2019.12.29"]

1. e4 e6 2. Qe2 c5 3. g3 Nc6 4. c3 Nf6 5. Bg2 d6 6. f4 Be7 7. Nf3 O-O 8. O-O Rb8
9. Kh1 b5 10. d4 d5 11. e5 Ne4 12. a3 a5 13. Nbd2 Nxd2 14. Bxd2 Qb6 15. dxc5
Qxc5 16. b4 Qc4 17. Qxc4 bxc4 18. Be3 Ba6 19. Nd4 Nxd4 20. Bxd4 g6 21. g4 Ra8
22. f5 Rfb8 23. Rf3 axb4 24. axb4 gxf5 25. gxf5 exf5 26. Rg1 Kf8 27. Rxf5 Bc8
28. Rh5 Be6 29. Rxh7 Ke8 30. Bh3 Bxh3 31. Rxh3 Kd7 32. Rg7 Rf8 33. e6+ Kxe6 34.
Re3+ Kd7 35. Rf3 Ke6 36. Rg1 Ra2 37. Re1+ Kd7 38. Rf5 Bd6 39. Bg1 Kc6 40. b5+
Kxb5 41. Rb1+ Kc6 42. Rb6+ Kc7 43. Rxd5 Bxh2 44. Bd4 Re8 45. Rb1 Bf4 46. Rc5+
Kd7 47. Rf5 Bd6 48. Rxf7+ Kc6 49. Rb6+ Kd5 50. Rf5+ Ke4 51. Rf2 Ra1+ 52. Kg2
Rg8+ 0-1

[Event "Mondiale Lampo FIDE 2019"]
[Site "Mosca"]
[Date "30.12.2019"]
[Round "15.53"]
[White "Salgado Lopez, Ivan"]
[Black "Antipov, Mikhail Al."]
[Result "1-0"]
[WhiteTitle "GM"]
[BlackTitle "GM"]
[WhiteElo "2605"]
[BlackElo "2549"]
[WhiteFideId "2257327"]
[BlackFideId "4107012"]
[EventDate "2019.12.29"]

1. e4 e5 2. Nf3 Nc6 3. Bc4 Bc5 4. c3 Nf6 5. d3 d6 6. Nbd2 a6 7. Bb3 Ba7 8. h3 h6
9. Nf1 d5 10. Qe2 O-O 11. g4 dxe4 12. dxe4 Nd7 13. Ng3 Nc5 14. Bc2 a5 15. g5
hxg5 16. Bxg5 Qd6 17. Rg1 Qg6 18. Nf5 Qh5 19. Nxg7 Kxg7 20. Be7+ Kh8 21. Bf6+ 1-0

[Event "Mondiale Lampo FIDE 2019"]
[Site "Mosca"]
[Date "30.12.2019"]
[Round "15.55"]
[White "Jumabayev, Rinat"]
[Black "Potapov, Pavel"]
[Result "1-0"]
[WhiteTitle "GM"]
[BlackTitle "GM"]
[WhiteElo "2646"]
[BlackElo "2482"]
[WhiteFideId "13702661"]
[BlackFideId "4169786"]
[EventDate "2019.12.29"]

1. c4 f5 2. g3 Nf6 3. Bg2 g6 4. d4 Bg7 5. Nh3 d6 6. d5 O-O 7. Nc3 c6 8. Nf4 e5
9. dxe6 Na6 10. O-O Qe7 11. Rb1 Bxe6 12. Nxe6 Qxe6 13. b3 Rad8 14. Be3 Nc5 15.
Bd4 Rfe8 16. e3 Nfe4 17. Ne2 a6 18. b4 Nd7 19. Qc2 Ne5 20. Rbc1 Qf7 21. a4 h5
22. b5 axb5 23. axb5 c5 24. Bxe5 Rxe5 25. h4 Kh7 26. Rcd1 b6 27. Nf4 Ree8 28.
Nd5 Qa7 29. Rd3 Nf6 30. Nf4 Ne4 31. Rfd1 Qb8 32. Rd5 Bh6 33. Nxh5 gxh5 34. Rxf5
Qa8 35. Rfd5 Kg7 36. Bxe4 Re6 37. Rg5+ 1-0

[Event "Mondiale Lampo FIDE 2019"]
[Site "Mosca"]
[Date "30.12.2019"]
[Round "15.56"]
[White "Santos Ruiz, Miguel"]
[Black "Utegaliyev, Azamat"]
[Result "1-0"]
[WhiteTitle "GM"]
[WhiteElo "2585"]
[BlackElo "2502"]
[WhiteFideId "22291482"]
[BlackFideId "13702467"]
[EventDate "2019.12.29"]

1. e4 d5 2. exd5 Qxd5 3. d4 Nf6 4. Be2 g6 5. Nf3 Bg7 6. c4 Qd8 7. h3 O-O 8. O-O
c6 9. Nc3 Bf5 10. Be3 Na6 11. a3 Nc7 12. Re1 Ne4 13. Rc1 Nxc3 14. bxc3 Ne8 15.
Bf1 Nf6 16. Bf4 Re8 17. Bh2 h6 18. a4 g5 19. Qb3 Qb6 20. Qa3 Qd8 21. a5 e6 22.
Qb4 Qc8 23. c5 Nd5 24. Qb3 Qd7 25. Ne5 Bxe5 26. Bxe5 f6 27. Bd6 Kg7 28. c4 Ne7
29. Rcd1 Nc8 30. Bg3 Bg6 31. Rd2 Re7 32. Red1 Bf7 33. Be2 Qe8 34. Rb2 Rd7 35.
Qc3 Ne7 36. Rdb1 Bg6 37. Bd3 Bxd3 38. Qxd3 Rad8 39. Bd6 b5 40. axb6 axb6 41.
Rxb6 Nc8 42. Rb7 Qf7 43. Rxd7 Qxd7 44. Bg3 Qxd4 45. Rb7+ Kf8 46. Qh7 f5 47. Qf7# 1-0

[Event "Mondiale Lampo FIDE 2019"]
[Site "Mosca"]
[Date "30.12.2019"]
[Round "15.57"]
[White "Predke, Alexandr"]
[Black "Baron, Tal"]
[Result "1-0"]
[WhiteTitle "GM"]
[BlackTitle "GM"]
[WhiteElo "2676"]
[BlackElo "2541"]
[WhiteFideId "24107581"]
[BlackFideId "2809958"]
[EventDate "2019.12.29"]

1. e4 c5 2. Nc3 Nc6 3. Bb5 Nd4 4. Bd3 e6 5. Nce2 Nc6 6. c3 d5 7. Nf3 Nf6 8. exd5
Nxd5 9. Bc2 e5 10. O-O Bg4 11. Ng3 Be7 12. h3 Be6 13. Re1 Qc7 14. Ba4 f6 15. d4
cxd4 16. cxd4 O-O 17. dxe5 Nxe5 18. Nxe5 fxe5 19. Bb3 Rad8 20. Be3 Kh8 21. Qc1
Qb8 22. Qc2 Nb4 23. Qe4 Bd7 24. Rad1 Bc6 25. Qc4 Bd5 26. Qg4 Bxb3 27. axb3 Nd3
28. Re2 Nf4 29. Red2 Rxd2 30. Rxd2 Bf6 31. Ne4 h6 32. g3 h5 33. Qd1 Nxh3+ 34.
Kg2 Nf4+ 35. gxf4 exf4 36. Qxh5+ Kg8 37. Bc5 Re8 38. Nxf6+ 1-0

[Event "Mondiale Lampo FIDE 2019"]
[Site "Mosca"]
[Date "30.12.2019"]
[Round "15.58"]
[White "Laznicka, Viktor"]
[Black "Murzin, Volodar"]
[Result "1-0"]
[WhiteTitle "GM"]
[BlackTitle "IM"]
[WhiteElo "2648"]
[BlackElo "2442"]
[WhiteFideId "316385"]
[BlackFideId "44155573"]
[EventDate "2019.12.29"]

1. d4 d5 2. Nf3 Nf6 3. Bf4 g6 4. e3 Bg7 5. Nbd2 O-O 6. Be2 c5 7. c3 Nc6 8. O-O
b6 9. h3 Bb7 10. a4 Re8 11. Qb1 Nd7 12. Rd1 e5 13. dxe5 Ndxe5 14. Nxe5 Nxe5 15.
a5 Qe7 16. Bf1 Red8 17. Qa2 h5 18. Qa4 Bc6 19. Qa2 h4 20. Rac1 g5 21. Bh2 g4 22.
Bxe5 Bxe5 23. hxg4 Bc7 24. Nf3 Qe6 25. b4 Qxg4 26. b5 Bd7 27. Rxd5 Be6 28. Rxd8+
Rxd8 29. Qe2 bxa5 30. c4 Kg7 31. Qb2+ f6 32. Be2 h3 33. Ne1 Qg5 34. Bf3 hxg2 35.
Bxg2 Rh8 36. Qe2 Kf7 37. Kf1 a4 38. Ra1 Qe5 39. Rxa4 Bb8 40. Ra6 Ke7 41. Nd3 Qc3
42. Rxe6+ Kxe6 43. Nxc5+ Ke7 44. f4 Qc1+ 45. Kf2 Rg8 46. Ne4 Qa3 47. Qd2 f5 48.
Nc3 Qc5 49. Nd5+ Kf8 50. Qc2 Rg7 51. Qxf5+ Rf7 52. Qe4 Bd6 53. Bf3 Qc8 54. Bh5
Rg7 55. f5 Qd8 56. f6 Rg5 57. Qh7 Be5 58. Qf7# 1-0

[Event "Mondiale Lampo FIDE 2019"]
[Site "Mosca"]
[Date "30.12.2019"]
[Round "15.59"]
[White "Khanin, Semen"]
[Black "Timofeev, Artyom"]
[Result "0-1"]
[WhiteTitle "IM"]
[BlackTitle "GM"]
[WhiteElo "2500"]
[BlackElo "2588"]
[WhiteFideId "4111990"]
[BlackFideId "4140419"]
[EventDate "2019.12.29"]

1. e4 e5 2. Bc4 Nf6 3. d3 Be7 4. Nf3 d6 5. O-O O-O 6. a4 Nbd7 7. a5 Nc5 8. b4
Ne6 9. Nc3 c6 10. Re1 Rb8 11. Rb1 b5 12. axb6 axb6 13. b5 c5 14. Nd5 Nxd5 15.
Bxd5 Nc7 16. Bc4 Bg4 17. h3 Bh5 18. g4 Bg6 19. Be3 Kh8 20. Qd2 Qd7 21. Nh2 Ra8
22. Nf1 Ra5 23. Ng3 Nxb5 24. Kg2 Bd8 25. g5 Na3 26. h4 Nxb1 27. Rxb1 f6 28. h5
Bf7 29. g6 d5 30. Bb3 Be6 31. Qe2 h6 32. Bd2 Ra8 33. Qf3 c4 34. dxc4 dxc4 35.
Bb4 Be7 36. Bxe7 Qxe7 37. Bxc4 Bxc4 38. Nf5 Qc7 39. Rd1 Be6 40. Nxh6 gxh6 41.
Qe3 Kg7 0-1

[Event "Mondiale Lampo FIDE 2019"]
[Site "Mosca"]
[Date "30.12.2019"]
[Round "15.60"]
[White "Cheparinov, Ivan"]
[Black "Yilmaz, Mustafa"]
[Result "1-0"]
[WhiteTitle "GM"]
[BlackTitle "GM"]
[WhiteElo "2687"]
[BlackElo "2604"]
[WhiteFideId "2905540"]
[BlackFideId "6302718"]
[EventDate "2019.12.29"]

1. e4 c5 2. Nf3 d6 3. d4 cxd4 4. Nxd4 Nf6 5. Nc3 a6 6. Be2 e5 7. Nb3 Be7 8. h4
Be6 9. f4 b5 10. g4 b4 11. Nd5 Nxd5 12. exd5 Bc8 13. g5 Nd7 14. Be3 a5 15. fxe5
Nxe5 16. Qd2 O-O 17. Nd4 Bd7 18. O-O-O Qb8 19. h5 a4 20. g6 b3 21. Kb1 bxc2+ 22.
Qxc2 Rc8 23. gxf7+ Nxf7 24. Nc6 Bxc6 25. dxc6 Ne5 26. Bc4+ Kh8 27. h6 g6 28. Bd5
Ra5 29. Rh2 Rb5 30. Qxa4 Bf6 31. Bb3 Rxc6 32. Rf2 Rb4 33. Qa5 Ng4 34. Rxf6 Nxe3
35. Qxb4 1-0

[Event "Mondiale Lampo FIDE 2019"]
[Site "Mosca"]
[Date "30.12.2019"]
[Round "15.61"]
[White "Kezin, Roman"]
[Black "Sutovsky, Emil"]
[Result "1-0"]
[WhiteTitle "IM"]
[BlackTitle "GM"]
[WhiteElo "2470"]
[BlackElo "2643"]
[WhiteFideId "24124621"]
[BlackFideId "2802007"]
[EventDate "2019.12.29"]

1. d4 Nf6 2. c4 g6 3. Nc3 d5 4. cxd5 Nxd5 5. e4 Nxc3 6. bxc3 Bg7 7. Nf3 c5 8.
Be3 Qa5 9. Qd2 Nc6 10. Rb1 a6 11. Rc1 cxd4 12. cxd4 Qxd2+ 13. Kxd2 f5 14. e5 Be6
15. Bc4 Bxc4 16. Rxc4 O-O-O 17. Ke2 Rd5 18. Ng5 Kd7 19. Rb1 b5 20. Rc2 Nxd4+ 21.
Bxd4 Rxd4 22. e6+ Kd6 23. Nf7+ Kxe6 24. Nxh8 Bxh8 25. Rc6+ Rd6 26. Rbc1 b4 27.
Rxd6+ Kxd6 28. Rc8 Be5 29. Ra8 Bxh2 30. Rxa6+ Kc5 31. g3 f4 32. g4 e5 33. Kf3
Kd5 34. Kg2 Ke4 35. Kxh2 Kf3 36. Kg1 e4 37. Ra4 Kxg4 38. Rxb4 Kf3 39. a4 e3 40.
fxe3 fxe3 41. Kf1 1-0

[Event "Mondiale Lampo FIDE 2019"]
[Site "Mosca"]
[Date "30.12.2019"]
[Round "15.62"]
[White "Piorun, Kacper"]
[Black "Riazantsev, Alexander"]
[Result "1-0"]
[WhiteTitle "GM"]
[BlackTitle "GM"]
[WhiteElo "2611"]
[BlackElo "2639"]
[WhiteFideId "1130420"]
[BlackFideId "4125029"]
[EventDate "2019.12.29"]

1. d4 d5 2. Bg5 c5 3. e3 Nc6 4. c3 Bf5 5. Nd2 f6 6. Bh4 e6 7. Ngf3 g5 8. Bg3 h5
9. h3 h4 10. Bh2 c4 11. Be2 b5 12. O-O Bd6 13. b3 Rc8 14. a4 a6 15. axb5 axb5
16. bxc4 bxc4 17. Bxd6 Qxd6 18. e4 Bg6 19. Re1 Kf7 20. e5 Qd8 21. exf6 Qxf6 22.
Nf1 Nh6 23. Qd2 Kg7 24. Nxg5 Rhf8 25. Bg4 Nxg4 26. Nxe6+ Kh7 27. Nxf8+ Rxf8 28.
hxg4 h3 29. Ra6 hxg2 30. Nh2 Be4 31. Rxe4 dxe4 32. Qe3 Qd6 33. Qxe4+ Kg7 34.
Rxc6 1-0

[Event "Mondiale Lampo FIDE 2019"]
[Site "Mosca"]
[Date "30.12.2019"]
[Round "15.63"]
[White "Alonso Rosell, Alvar"]
[Black "Huzman, Alexander"]
[Result "1-0"]
[WhiteTitle "GM"]
[BlackTitle "GM"]
[WhiteElo "2548"]
[BlackElo "2567"]
[WhiteFideId "2270544"]
[BlackFideId "2803828"]
[EventDate "2019.12.29"]

1. d4 Nf6 2. c4 e6 3. Nf3 d5 4. g3 Bb4+ 5. Nc3 O-O 6. Bg2 dxc4 7. O-O Nc6 8. Qa4
Bd6 9. Bg5 h6 10. Bxf6 Qxf6 11. Qxc4 a6 12. Rfd1 Bd7 13. Rac1 Qe7 14. Ne4 Rfd8
15. Nc5 Bxc5 16. Qxc5 Qxc5 17. Rxc5 Be8 18. e3 Rab8 19. Rdc1 Nb4 20. Ra1 c6 21.
a3 Nd5 22. Ne5 Ne7 23. Rcc1 Rbc8 24. Nd3 Rc7 25. Nc5 a5 26. Rc2 Ra8 27. Rac1 Kf8
28. Bf1 Nd5 29. Na4 Ne7 30. Nb6 Ra7 31. Rc5 Nc8 32. Na4 b6 33. R5c2 c5 34. b3
Bxa4 35. bxa4 Ke7 36. dxc5 bxc5 37. Rxc5 Kd6 38. Rxc7 Rxc7 39. Rb1 Rc3 40. Rb5
Rc5 41. Rb7 Rc7 42. Rb5 Rc5 43. Rb7 Rc7 44. Rb8 g5 45. Ba6 Ne7 46. Rh8 Nf5 47.
Bd3 Rc3 48. Bxf5 exf5 49. Rxh6+ Ke5 50. Ra6 Rxa3 51. Rxa5+ Ke4 52. Kg2 g4 53.
Ra8 Ra2 54. Re8+ Kd5 55. Rd8+ Ke6 56. Rd4 Ke5 57. Rf4 f6 58. h4 gxh3+ 59. Kxh3
Ra1 60. Kg2 Rb1 61. Rd4 Ra1 62. Rb4 Ra2 63. Kf1 Ke6 64. Rf4 Ke5 65. Ke1 Ke6 66.
Kd1 Ke5 67. Kc1 Ke6 68. Kb1 Rd2 69. a5 Rd5 70. Ra4 1-0

[Event "Mondiale Lampo FIDE 2019"]
[Site "Mosca"]
[Date "30.12.2019"]
[Round "15.64"]
[White "Zarnicki, Pablo"]
[Black "Bocharov, Dmitry"]
[Result "1/2-1/2"]
[WhiteTitle "GM"]
[BlackTitle "GM"]
[WhiteElo "2514"]
[BlackElo "2524"]
[WhiteFideId "100137"]
[BlackFideId "4138716"]
[EventDate "2019.12.29"]

1. e4 c5 2. Nf3 e6 3. c3 d5 4. exd5 Qxd5 5. d4 Nf6 6. Be2 Nc6 7. O-O Be7 8. Be3
cxd4 9. Nxd4 Nxd4 10. Bxd4 O-O 11. Bf3 Qd6 12. Nd2 Qc7 13. Qb3 e5 14. Be3 Ng4
15. Qc4 Qxc4 16. Nxc4 Nxe3 17. Nxe3 Rb8 18. Rad1 g6 19. Rfe1 f6 20. Nc4 Be6 21.
Bd5 Kf7 22. f4 Rfc8 23. b3 Rc5 24. Bxe6+ Kxe6 25. fxe5 fxe5 26. Re4 b5 27. Ne3
Rxc3 28. Ng4 Bd6 29. Rde1 Rc5 30. h3 h5 31. Nf2 Rc3 32. Nd1 Rd3 33. Nf2 Rd2 34.
a4 Rf8 35. Nd1 a6 36. axb5 axb5 37. Nc3 Rff2 38. R4e2 Rfxe2 39. Rxe2 Rxe2 40.
Nxe2 Kd5 41. Kf2 Bc5+ 42. Kf3 Bd6 43. g4 hxg4+ 44. hxg4 e4+ 45. Ke3 Be5 46. Kd2
Bd4 47. Nf4+ Kc5 48. Nxg6 Kb4 49. Kc2 e3 50. Nf4 Be5 51. Nd3+ Ka3 52. Nxe5 1/2-1/2

[Event "Mondiale Lampo FIDE 2019"]
[Site "Mosca"]
[Date "30.12.2019"]
[Round "15.65"]
[White "Reshetnikov, Alexey"]
[Black "Pashikian, Arman"]
[Result "1/2-1/2"]
[WhiteTitle "IM"]
[BlackTitle "GM"]
[WhiteElo "2492"]
[BlackElo "2605"]
[WhiteFideId "4162080"]
[BlackFideId "13301578"]
[EventDate "2019.12.29"]

1. d4 Nf6 2. c4 e6 3. Nf3 d5 4. Nc3 Bb4 5. e3 O-O 6. a3 Bxc3+ 7. bxc3 c6 8. Bd3
b6 9. cxd5 cxd5 10. Qe2 Bb7 11. O-O Qc8 12. c4 Ba6 13. Ne5 Nbd7 14. Nxd7 Qxd7
15. cxd5 Bxd3 16. Qxd3 exd5 17. Bd2 Rfc8 18. Rfc1 Rxc1+ 19. Rxc1 Rc8 20. Rxc8+
Qxc8 21. f3 h6 22. h3 Qc6 23. g4 b5 24. Bb4 Qc1+ 25. Kg2 a6 26. Bd6 Qb2+ 27. Kg3
Qc1 28. Kg2 Nh7 29. h4 Nf8 30. e4 dxe4 31. fxe4 Ng6 32. h5 Nf4+ 33. Bxf4 Qxf4
34. Kh3 f6 35. d5 Qd6 36. Qc3 Kh7 37. Qc8 a5 38. Qf5+ Kg8 39. Qc8+ Qf8 40. Qc3
b4 41. axb4 Qxb4 42. Qc8+ Kf7 43. Qe6+ Kf8 44. Qc8+ Kf7 45. Qe6+ Kf8 46. Qc8+
Kf7 47. Qe6+ 1/2-1/2